000 00313nam a2200109 4500
999 _c13055
_d13055
008 190207b ||||| |||| 00| 0 eng d
245 _aDENR honors slain environment warrior.
260 _aPhilippines
_bManila Bulletin
_cc2017
300 _apage 6.
650 0 _936728
_aEnvironmental protection.
942 _2ddc
_cPER